000 01062nam a22002417a 4500
999 _c18206
_d18206
003 AR-CdUCM
008 190513b ||||| |||| 00| 0 spa d
020 _a9972-42-132-5
040 _aMUNICIPALIDAD PROVINCIAL DEL CUSCO
_cBIBLIOTECA MUNICIPAL DEL CUSCO
082 _a343.204 /
_bV66
100 _aVillarán, Manuel Vicente
_938668
245 _aLecciones de derecho constitucional /
260 _aLima :
_bPontificia Universidad Católica del Perú, Fondo Editorial,
_c1998.
300 _aXXVII, 714 páginas ;
_c21.5 cm.
505 _aContenido: Ciencia política su relación con las ciencias jurídicas -- El gobierno de Inglaterra -- El gobierno de Inglaterra II -- El gobierno de Inglaterra III -- La constitución inglesa -- Órganos constitutivos del sistema inglés ...
650 _aDerecho constitucional
_94734
650 _aDerecho comparado
_98292
650 _aGobierno
_92618
650 _aInglaterra
_91396
700 _aGarcía Belaunde, Domingo (prólogo, revisión y nota)
_938669
942 _2ddc
_cLIBROS
945 _aachl
_d2019-05-13